000 00497nam a2200181Ia 4500
003 OSt
005 20251119125629.0
008 210210b1960 xxu||||| |||| 00| 0 eng d
040 _cAL
041 _akan
082 _a851/204
100 _aNARASIMHACHARYA
_9159578
_dನರಸಿಂಹಾಚಾರ್ಯ
245 _aManeyinda manege:
_b ಮನೆಯಿಂದ ಮನೆಗೆ
260 _aMaisuru
_bKavyalaya
_c1960
690 _aKannada Poetry
_9159579
906 _a018222
942 _2ddc
_cBK
999 _c141348
_d141348